000 00466ntaaa2200193 4500
003 01
005 20251027201735.0
008 0714s1973 ag 01
040 _aAR-BaBN
_bspa
_cAR-BaBN
_eaacr
_dRIC
082 _a239.0000 B21
100 _aBallard, Frank
_914277
245 _aMiracles of unbelief
250 _a1 ed.
260 _aEdinburgh :
_bT. T. Clark,
_c1904
300 _axxviii, 382 p
500 _aApologética
650 _aapologética
942 _cBK
999 _c12090
_d12090